| 000 | 00484nam a2200157 a 4500 | ||
|---|---|---|---|
| 005 | 20140310183345.0 | ||
| 008 | 070205s19uu xx 00 eng d | ||
| 020 | _a2035400406 | ||
| 050 |
_aPC 2640 _b.L332 2001 |
||
| 245 |
_aLarousse concise dictionary : _bFrench-English, English-French / |
||
| 260 |
_aMontreal (Quebec) : _bLarousse Kingfisher Chambers Inc, _c2001. |
||
| 300 | _c20 cm. | ||
| 650 |
_aFrench language _xDictionaries _xEnglish. |
||
| 942 |
_cBK _2lcc |
||
| 999 |
_c21916 _d21916 |
||